00828nam a2200217Ia 4500003000900000008004100009040001600050080002200066245011400088260007700202300002300279650004100302650003600343650002500379700003100404700002500435700003000460942000700490999001500497952009800512IN-BaIIA211028s9999 xx 000 0 eng d cIIA Library a082.2:52bIAU-C42 4aThe interaction of variable stars with their environmentcedited by R. Kippenhahn, J. Rahe and W. Strohmeier. aBambergbAstronomisches Institut Der Universitat Erlangen-Nurnbergc1977 a[various pagings.] aAstronomy and astrophysics thesaurus aInteracting binary stars910096 aVariable stars91140 aKippenhahn, R., ed.910097 aRahe, J., ed.910098 aStrohmeier, W.,ed.910099 cBK c5830d5830 00104070aBANbBANcGENd1978-06-13l0o082.2:52/ IAU-C42p6521r2021-11-05w1978-06-13yBK